American Authors A-Z - Statistics

General Stats
  • This quiz has been taken 139 times
    116 since last reset
  • The average score is 13 of 25
Answer Stats
# Hint Author % Correct
T Adventures of Huckleberry Finn Mark Twain
96%
A Little Women Louisa May Alcott
90%
P The Raven Edgar Allan Poe
88%
H A Farewell to Arms Ernest Hemingway
88%
S The Grapes of Wrath John Steinbeck
88%
L The Call of the Wild Jack London
83%
K On the Road Jack Kerouac
80%
M Death of a Salesman Arthur Miller
76%
V Slaugherthouse-Five Kurt Vonnegut
74%
C Breakfast at Tiffany's Truman Capote
71%
W Leaves of Grass Walt Whitman
71%
F The Sound and the Fury William Faulkner
64%
I The World According to Garp John Irving
55%
J The Portrait of a Lady Henry James
48%
U Rabbit Is Rich John Updike
39%
R American Pastoral Philip Roth
33%
O Long Day's Journey Into Night Eugene O'Neill
30%
B Naked Lunch William S. Burroughs
29%
E Nature Ralph Waldo Emerson
23%
Y Revolutionary Road Richard Yates
19%
D Mao II Don DeLillo
9%
G The Recognitions William Gaddis
8%
Q The Silver Linings Playbook Matthew Quick
4%
N The Bird Artist Howard Norman
3%
Z The Wallcreeper Nell Zink
3%
No matching quizzes found
Score Distribution
Percent of People with Each Score
Percentile by Number Answered
Your Score History
You have not taken this quiz since the last reset